[Event "U12 Polish Youth Championship"]
[Site "chess24.com"]
[Date "2018.04.30"]
[Round "2"]
[White "Bancarewicz, Aleks"]
[Black "Pazdzierz, Piotr"]
[Result "1-0"]
[Board "17"]
[WhiteElo "1708"]
[WhiteCountry "POL"]
[WhiteFideId "21838550"]
[WhiteEloChange "4"]
[BlackElo "1440"]
[BlackCountry "POL"]
[BlackFideId "21810419"]
[BlackEloChange "-4"]

1. d4 {[%clk 1:30:57]} d5 {[%clk 1:30:54]} 2. c4 {[%clk 1:31:18]} e6 {[%clk
1:31:20]} 3. Nf3 {[%clk 1:31:37]} Nf6 {[%clk 1:31:42]} 4. g3 {[%clk 1:32:04]} Be7
{[%clk 1:26:27]} 5. Bg2 {[%clk 1:32:26]} O-O {[%clk 1:26:10]} 6. O-O {[%clk
1:32:45]} Nbd7 {[%clk 1:22:09]} 7. Qc2 {[%clk 1:31:04]} b6 {[%clk 1:15:25]} 8.
cxd5 {[%clk 1:21:10]} Nxd5 {[%clk 1:11:14]} 9. a3 {[%clk 1:14:59]} Bb7 {[%clk
1:08:02]} 10. e4 {[%clk 1:10:54]} N5f6 {[%clk 1:07:13]} 11. Nc3 {[%clk 1:08:25]}
Rc8 {[%clk 1:02:43]} 12. Rd1 {[%clk 1:07:31]} a6 {[%clk 0:58:49]} 13. Bf4 {[%clk
1:04:09]} Nh5 {[%clk 0:57:43]} 14. Be3 {[%clk 1:00:18]} Nhf6 {[%clk 0:51:53]} 15.
h3 {[%clk 0:50:07]} c6 {[%clk 0:30:51]} 16. Rd2 {[%clk 0:31:47]} Ne8 {[%clk
0:26:38]} 17. Rad1 {[%clk 0:24:27]} Nd6 {[%clk 0:14:18]} 18. Qb3 {[%clk 0:19:03]}
b5 {[%clk 0:11:27]} 19. Bf1 {[%clk 0:12:49]} Qc7 {[%clk 0:08:55]} 20. Bf4 {[%clk
0:10:26]} Qb6 {[%clk 0:08:40]} 21. Be3 {[%clk 0:06:34]} Qc7 {[%clk 0:09:00]} 22.
Rc1 {[%clk 0:04:56]} Qb8 {[%clk 0:07:04]} 23. Bf4 {[%clk 0:03:53]} Qa7 {[%clk
0:06:18]} 24. Be3 {[%clk 0:03:12]} Qb8 {[%clk 0:06:27]} 25. Ne5 {[%clk 0:02:55]}
Rfd8 {[%clk 0:05:52]} 26. Nxd7 {[%clk 0:02:42]} Rxd7 {[%clk 0:06:14]} 27. Bf4
{[%clk 0:02:19]} Qa7 {[%clk 0:05:28]} 28. Be3 {[%clk 0:02:13]} Qb8 {[%clk
0:05:04]} 29. g4 {[%clk 0:02:02]} h6 {[%clk 0:03:23]} 30. e5 {[%clk 0:01:58]} Ne8
{[%clk 0:03:11]} 31. Ne4 {[%clk 0:01:51]} Nc7 {[%clk 0:02:15]} 32. Nc5 {[%clk
0:02:08]} Rdd8 {[%clk 0:02:00]} 33. Rdc2 {[%clk 0:01:47]} Bxc5 {[%clk 0:01:57]}
34. Rxc5 {[%clk 0:02:13]} Nd5 {[%clk 0:02:16]} 35. Bg2 {[%clk 0:01:46]} Rd7
{[%clk 0:01:32]} 36. Bxd5 {[%clk 0:01:22]} exd5 {[%clk 0:01:20]} 37. Bd2 {[%clk
0:01:21]} Re8 {[%clk 0:01:21]} 38. f4 {[%clk 0:01:25]} Qd8 {[%clk 0:01:24]} 39.
f5 {[%clk 0:01:10]} Qh4 {[%clk 0:01:10]} 40. Qf3 {[%clk 0:00:54]} Qd8 {[%clk
0:00:45]} 41. Rf1 {[%clk 0:01:06]} Kh7 {[%clk 0:00:48]} 42. Qf4 {[%clk 0:01:05]}
Rh8 {[%clk 0:00:55]} 43. Kg2 {[%clk 0:00:41]} Qe8 {[%clk 0:00:53]} 44. Re1 {[%clk
0:00:40]} Rf8 {[%clk 0:00:50]} 45. f6 {[%clk 0:00:56]} Qe6 {[%clk 0:00:51]} 46.
Rf1 {[%clk 0:00:39]} g5 {[%clk 0:00:54]} 47. Qf5+ {[%clk 0:00:38]} Qxf5 {[%clk
0:00:34]} 48. gxf5 {[%clk 0:00:51]} Rdd8 {[%clk 0:00:34]} 49. Kg3 {[%clk
0:00:55]} Rde8 {[%clk 0:00:54]} 50. Bb4 {[%clk 0:01:08]} Rh8 {[%clk 0:00:42]} 51.
Rc3 {[%clk 0:01:18]} h5 {[%clk 0:00:38]} 52. Re3 {[%clk 0:01:35]} Bc8 {[%clk
0:00:56]} 53. e6 {[%clk 0:00:46]} fxe6 {[%clk 0:00:38]} 54. f7 {[%clk 0:00:53]}
h4+ {[%clk 0:00:34]} 55. Kg2 {[%clk 0:00:50]} Rd8 {[%clk 0:00:48]} 56. fxe6
{[%clk 0:01:13]} 1-0

[Event "U12 Polish Youth Championship"]
[Site "chess24.com"]
[Date "2018.04.30"]
[Round "2"]
[White "Malinowski, Szymon"]
[Black "Krahel, Karol"]
[Result "0-1"]
[Board "18"]
[WhiteElo "1549"]
[WhiteCountry "POL"]
[WhiteFideId "21832757"]
[WhiteEloChange "-13"]
[BlackElo "1427"]
[BlackCountry "POL"]
[BlackFideId "21853517"]
[BlackEloChange "13"]

1. d4 {[%clk 1:30:46]} d5 {[%clk 1:30:56]} 2. Nf3 {[%clk 1:30:57]} e6 {[%clk
1:30:58]} 3. e3 {[%clk 1:31:02]} Nf6 {[%clk 1:31:23]} 4. Bd3 {[%clk 1:31:26]}
Nbd7 {[%clk 1:31:38]} 5. b3 {[%clk 1:31:46]} c6 {[%clk 1:30:12]} 6. Bb2 {[%clk
1:30:19]} Be7 {[%clk 1:30:11]} 7. Nbd2 {[%clk 1:30:38]} b6 {[%clk 1:30:22]} 8. c4
{[%clk 1:29:36]} Bb7 {[%clk 1:28:27]} 9. O-O {[%clk 1:29:37]} O-O {[%clk
1:28:13]} 10. Qc2 {[%clk 1:28:56]} Rc8 {[%clk 1:27:51]} 11. Rac1 {[%clk 1:24:28]}
h6 {[%clk 1:24:14]} 12. Qc3 {[%clk 1:15:10]} c5 {[%clk 1:18:38]} 13. Bb1 {[%clk
1:12:40]} cxd4 {[%clk 1:11:07]} 14. Qxd4 {[%clk 1:09:54]} dxc4 {[%clk 1:10:22]}
15. Nxc4 {[%clk 1:08:07]} Nc5 {[%clk 1:09:27]} 16. Qf4 {[%clk 0:45:37]} Nd5
{[%clk 0:58:29]} 17. Qg3 {[%clk 0:44:34]} Bf6 {[%clk 0:52:45]} 18. Nce5 {[%clk
0:41:15]} Qe7 {[%clk 0:31:58]} 19. Rfd1 {[%clk 0:33:06]} Rfd8 {[%clk 0:28:41]}
20. h3 {[%clk 0:30:53]} Nb4 {[%clk 0:17:42]} 21. Rxd8+ {[%clk 0:29:34]} Rxd8
{[%clk 0:18:00]} 22. Ba3 {[%clk 0:26:29]} Nd5 {[%clk 0:12:26]} 23. Ng4 {[%clk
0:18:11]} Kh8 {[%clk 0:08:45]} 24. Nge5 {[%clk 0:08:39]} Kg8 {[%clk 0:08:07]} 25.
Nd4 {[%clk 0:07:32]} Qd6 {[%clk 0:06:12]} 26. Ng4 {[%clk 0:06:43]} Qxg3 {[%clk
0:05:42]} 27. Nxf6+ {[%clk 0:07:05]} gxf6 {[%clk 0:05:59]} 28. fxg3 {[%clk
0:07:25]} Nxe3 {[%clk 0:06:01]} 29. Nf3 {[%clk 0:06:46]} Bxf3 {[%clk 0:05:05]}
30. gxf3 {[%clk 0:07:10]} Rd2 {[%clk 0:04:41]} 31. Bxc5 {[%clk 0:06:08]} bxc5
{[%clk 0:04:42]} 32. Rxc5 {[%clk 0:06:13]} Rg2+ {[%clk 0:04:19]} 33. Kh1 {[%clk
0:06:25]} Rxg3 {[%clk 0:04:23]} 34. Be4 {[%clk 0:05:35]} Rxh3+ {[%clk 0:03:48]}
35. Kg1 {[%clk 0:05:57]} f5 {[%clk 0:03:33]} 36. Bb7 {[%clk 0:05:26]} Rh4 {[%clk
0:02:52]} 37. Kf2 {[%clk 0:05:19]} f4 {[%clk 0:02:19]} 38. Kg1 {[%clk 0:05:03]}
Rh3 {[%clk 0:02:01]} 39. Rc3 {[%clk 0:04:18]} Rg3+ {[%clk 0:01:55]} 40. Kh1
{[%clk 0:04:37]} h5 {[%clk 0:01:54]} 41. Be4 {[%clk 0:04:17]} h4 {[%clk 0:01:47]}
42. a4 {[%clk 0:04:13]} h3 {[%clk 0:01:48]} 43. Kh2 {[%clk 0:04:36]} Nf1+ {[%clk
0:01:50]} 44. Kh1 {[%clk 0:04:41]} Rg2 {[%clk 0:01:35]} 45. Rc1 {[%clk 0:04:30]}
Ng3# {[%clk 0:01:54]} 0-1

[Event "U12 Polish Youth Championship"]
[Site "chess24.com"]
[Date "2018.04.30"]
[Round "2"]
[White "Kolodziejski, Piotr"]
[Black "Krupinski, Mikolaj"]
[Result "0-1"]
[Board "19"]
[WhiteElo "1418"]
[WhiteCountry "POL"]
[WhiteFideId "21840962"]
[WhiteEloChange "-6"]
[BlackElo "1547"]
[BlackCountry "POL"]
[BlackFideId "21835918"]
[BlackEloChange "6"]

1. e4 {[%clk 1:30:57]} c5 {[%clk 1:27:48]} 2. Nc3 {[%clk 1:31:23]} Nc6 {[%clk
1:28:12]} 3. Bb5 {[%clk 1:31:47]} d6 {[%clk 1:28:09]} 4. Bxc6+ {[%clk 1:31:39]}
bxc6 {[%clk 1:28:36]} 5. d3 {[%clk 1:30:55]} Nf6 {[%clk 1:28:08]} 6. f4 {[%clk
1:30:03]} Bg4 {[%clk 1:14:10]} 7. Nf3 {[%clk 1:26:56]} e6 {[%clk 1:07:28]} 8. h3
{[%clk 1:23:39]} Bxf3 {[%clk 1:05:15]} 9. Qxf3 {[%clk 1:23:48]} d5 {[%clk
0:59:55]} 10. O-O {[%clk 1:15:05]} Be7 {[%clk 0:58:05]} 11. Na4 {[%clk 1:11:26]}
dxe4 {[%clk 0:57:51]} 12. Qe3 {[%clk 1:04:54]} exd3 {[%clk 0:55:50]} 13. cxd3
{[%clk 1:01:09]} Qd4 {[%clk 0:50:18]} 14. Nc3 {[%clk 1:00:02]} O-O {[%clk
0:43:56]} 15. Kh1 {[%clk 0:58:18]} Rfd8 {[%clk 0:38:07]} 16. Rf3 {[%clk 0:52:27]}
Qxe3 {[%clk 0:38:17]} 17. Rxe3 {[%clk 0:52:14]} Nd5 {[%clk 0:38:17]} 18. Rf3
{[%clk 0:45:16]} Nb4 {[%clk 0:36:57]} 19. Be3 {[%clk 0:44:29]} Rxd3 {[%clk
0:35:45]} 20. Raf1 {[%clk 0:43:13]} Nd5 {[%clk 0:26:57]} 21. Bg1 {[%clk 0:40:56]}
Rxf3 {[%clk 0:19:57]} 22. Rxf3 {[%clk 0:41:19]} c4 {[%clk 0:16:02]} 23. Ne4
{[%clk 0:36:31]} Rb8 {[%clk 0:11:35]} 24. Bd4 {[%clk 0:30:06]} Rb7 {[%clk
0:05:30]} 25. Rf2 {[%clk 0:25:51]} Nb4 {[%clk 0:03:13]} 26. a3 {[%clk 0:20:24]}
Nd3 {[%clk 0:03:37]} 27. Rc2 {[%clk 0:20:36]} c5 {[%clk 0:03:00]} 28. Be5 {[%clk
0:16:59]} f6 {[%clk 0:02:29]} 29. Bd6 {[%clk 0:16:38]} Bxd6 {[%clk 0:02:47]} 30.
Nxd6 {[%clk 0:16:58]} Rxb2 {[%clk 0:02:42]} 31. Rxc4 {[%clk 0:16:44]} Rb6 {[%clk
0:02:08]} 32. Ne4 {[%clk 0:15:26]} Rc6 {[%clk 0:02:22]} 33. g3 {[%clk 0:15:39]}
f5 {[%clk 0:02:26]} 34. Nd2 {[%clk 0:15:27]} Nb2 {[%clk 0:02:27]} 35. Rc2 {[%clk
0:14:53]} Na4 {[%clk 0:02:21]} 36. Nc4 {[%clk 0:14:04]} Nb6 {[%clk 0:02:17]} 37.
Ne5 {[%clk 0:13:23]} Rc8 {[%clk 0:02:33]} 38. Nd3 {[%clk 0:12:42]} c4 {[%clk
0:02:54]} 39. Ne5 {[%clk 0:10:47]} c3 {[%clk 0:02:35]} 40. Kg2 {[%clk 0:10:19]}
Nd5 {[%clk 0:02:08]} 41. Kf3 {[%clk 0:10:21]} Rb8 {[%clk 0:02:07]} 42. Nc4 {[%clk
0:10:37]} Rb1 {[%clk 0:01:10]} 43. Kf2 {[%clk 0:09:51]} Rh1 {[%clk 0:01:11]} 44.
Kg2 {[%clk 0:10:10]} Rd1 {[%clk 0:00:55]} 45. Kf2 {[%clk 0:09:51]} Rd4 {[%clk
0:00:50]} 46. Ne3 {[%clk 0:09:34]} Rd2+ {[%clk 0:00:55]} 47. Rxd2 {[%clk
0:09:48]} cxd2 {[%clk 0:01:22]} 48. Nd1 {[%clk 0:10:08]} Nb6 {[%clk 0:01:36]} 49.
Ke2 {[%clk 0:10:03]} Nc4 {[%clk 0:01:33]} 50. a4 {[%clk 0:10:22]} a5 {[%clk
0:01:21]} 51. Nc3 {[%clk 0:10:25]} Kf7 {[%clk 0:01:07]} 52. Kd3 {[%clk 0:10:45]}
Nb6 {[%clk 0:01:18]} 53. Kxd2 {[%clk 0:11:03]} Kf6 {[%clk 0:01:37]} 54. Kd3
{[%clk 0:09:27]} e5 {[%clk 0:01:53]} 55. Ke3 {[%clk 0:08:52]} g5 {[%clk 0:01:13]}
56. fxe5+ {[%clk 0:06:15]} Kxe5 {[%clk 0:01:39]} 57. g4 {[%clk 0:06:34]} f4+
{[%clk 0:02:05]} 58. Kf3 {[%clk 0:06:53]} h6 {[%clk 0:02:25]} 59. Ke2 {[%clk
0:06:13]} Kd4 {[%clk 0:01:29]} 60. Nb5+ {[%clk 0:06:07]} Kc5 {[%clk 0:01:18]} 61.
Nc3 {[%clk 0:06:06]} Kb4 {[%clk 0:01:22]} 62. Ne4 {[%clk 0:04:54]} Nxa4 {[%clk
0:01:40]} 63. Kf3 {[%clk 0:04:30]} Nc3 {[%clk 0:01:51]} 64. Nf2 {[%clk 0:04:28]}
a4 {[%clk 0:02:00]} 65. Nd3+ {[%clk 0:04:36]} Kc4 {[%clk 0:02:23]} 66. Nb2+
{[%clk 0:04:29]} Kb3 {[%clk 0:02:48]} 67. Nd3 {[%clk 0:04:45]} a3 {[%clk
0:03:15]} 68. h4 {[%clk 0:04:44]} a2 {[%clk 0:03:28]} 69. Nc1+ {[%clk 0:05:07]}
Kc2 {[%clk 0:03:48]} 70. Nxa2 {[%clk 0:05:31]} Nxa2 {[%clk 0:04:16]} 71. hxg5
{[%clk 0:05:50]} hxg5 {[%clk 0:04:45]} 72. Kf2 {[%clk 0:05:53]} Kd2 {[%clk
0:05:09]} 73. Kf3 {[%clk 0:06:18]} Ke1 {[%clk 0:05:29]} 74. Kg2 {[%clk 0:06:35]}
Ke2 {[%clk 0:05:56]} 75. Kg1 {[%clk 0:06:53]} f3 {[%clk 0:06:21]} 76. Kh1 {[%clk
0:07:14]} f2 {[%clk 0:06:48]} 77. Kh2 {[%clk 0:07:37]} f1Q {[%clk 0:07:04]} 0-1

[Event "U12 Polish Youth Championship"]
[Site "chess24.com"]
[Date "2018.04.30"]
[Round "2"]
[White "Demski, Michal"]
[Black "Czernecki, Andrzej"]
[Result "0-1"]
[Board "20"]
[WhiteElo "1538"]
[WhiteCountry "POL"]
[WhiteFideId "21835780"]
[WhiteEloChange "-13"]
[BlackElo "1418"]
[BlackCountry "POL"]
[BlackFideId "21810117"]
[BlackEloChange "13"]

1. e4 {[%clk 1:30:44]} c5 {[%clk 1:30:56]} 2. Nf3 {[%clk 1:31:05]} d6 {[%clk
1:31:20]} 3. d4 {[%clk 1:31:04]} cxd4 {[%clk 1:31:44]} 4. Nxd4 {[%clk 1:31:16]}
Nf6 {[%clk 1:31:59]} 5. Nc3 {[%clk 1:30:53]} Nc6 {[%clk 1:32:05]} 6. Be2 {[%clk
1:30:39]} e5 {[%clk 1:30:33]} 7. Nb3 {[%clk 1:28:52]} Be6 {[%clk 1:30:39]} 8. Be3
{[%clk 1:26:41]} Be7 {[%clk 1:29:19]} 9. O-O {[%clk 1:24:50]} d5 {[%clk 1:21:15]}
10. exd5 {[%clk 1:23:02]} Nxd5 {[%clk 1:21:37]} 11. Nxd5 {[%clk 1:22:06]} Bxd5
{[%clk 1:21:35]} 12. Qe1 {[%clk 1:18:32]} Qc7 {[%clk 1:16:26]} 13. f4 {[%clk
1:15:04]} e4 {[%clk 1:15:35]} 14. Kh1 {[%clk 1:12:35]} Nb4 {[%clk 1:03:12]} 15.
Qg3 {[%clk 1:05:51]} Bf6 {[%clk 0:58:25]} 16. c3 {[%clk 1:03:22]} Nc2 {[%clk
0:56:42]} 17. Rad1 {[%clk 1:02:55]} Nxe3 {[%clk 0:56:57]} 18. Qxe3 {[%clk
1:02:08]} Bc6 {[%clk 0:57:07]} 19. Nd2 {[%clk 0:59:17]} Qb6 {[%clk 0:48:27]} 20.
Qxb6 {[%clk 0:57:45]} axb6 {[%clk 0:48:55]} 21. a3 {[%clk 0:57:34]} O-O-O {[%clk
0:45:32]} 22. Nc4 {[%clk 0:51:49]} Kc7 {[%clk 0:42:13]} 23. Ne5 {[%clk 0:51:23]}
Rxd1 {[%clk 0:41:37]} 24. Bxd1 {[%clk 0:49:43]} Bxe5 {[%clk 0:41:11]} 25. fxe5
{[%clk 0:49:57]} Bd5 {[%clk 0:41:33]} 26. Be2 {[%clk 0:50:08]} Rd8 {[%clk
0:36:36]} 27. Rf4 {[%clk 0:45:44]} Be6 {[%clk 0:30:31]} 28. Rxe4 {[%clk 0:42:11]}
Rd2 {[%clk 0:30:52]} 29. h3 {[%clk 0:42:25]} Rxb2 {[%clk 0:28:23]} 30. Bg4 {[%clk
0:40:42]} Bd5 {[%clk 0:24:29]} 31. Re2 {[%clk 0:39:25]} Rxe2 {[%clk 0:24:11]} 32.
Bxe2 {[%clk 0:39:50]} Kd7 {[%clk 0:24:32]} 33. Bg4+ {[%clk 0:39:23]} Kc6 {[%clk
0:24:51]} 34. Be2 {[%clk 0:35:46]} Be6 {[%clk 0:23:35]} 35. Bf3+ {[%clk 0:35:54]}
Kc5 {[%clk 0:23:39]} 36. Bxb7 {[%clk 0:34:58]} Kc4 {[%clk 0:24:01]} 37. a4 {[%clk
0:30:49]} Kxc3 {[%clk 0:24:05]} 38. Kg1 {[%clk 0:31:01]} Kd4 {[%clk 0:24:13]} 39.
Kf2 {[%clk 0:31:22]} Kxe5 {[%clk 0:24:09]} 40. Ba6 {[%clk 0:31:00]} Bd7 {[%clk
0:22:14]} 41. Bc4 {[%clk 0:29:34]} f6 {[%clk 0:21:21]} 42. Bg8 {[%clk 0:28:07]}
h6 {[%clk 0:21:17]} 43. Bb3 {[%clk 0:28:27]} Kd4 {[%clk 0:21:36]} 44. g4 {[%clk
0:26:00]} Kc3 {[%clk 0:21:34]} 45. Bf7 {[%clk 0:25:34]} g5 {[%clk 0:20:19]} 46.
Kg3 {[%clk 0:25:50]} Bxa4 {[%clk 0:20:30]} 47. h4 {[%clk 0:26:09]} Bc6 {[%clk
0:20:29]} 48. hxg5 {[%clk 0:26:14]} hxg5 {[%clk 0:20:25]} 49. Kf2 {[%clk
0:26:08]} b5 {[%clk 0:20:22]} 50. Ke2 {[%clk 0:23:36]} b4 {[%clk 0:20:02]} 51.
Kd1 {[%clk 0:22:23]} Bf3+ {[%clk 0:20:05]} 52. Kc1 {[%clk 0:22:46]} Bxg4 {[%clk
0:20:28]} 53. Kb1 {[%clk 0:23:08]} b3 {[%clk 0:20:29]} 54. Bg6 {[%clk 0:22:54]}
Bf3 {[%clk 0:20:43]} 55. Ka1 {[%clk 0:22:55]} g4 {[%clk 0:21:01]} 56. Bf5 {[%clk
0:22:52]} g3 {[%clk 0:21:20]} 57. Be4 {[%clk 0:23:14]} b2+ {[%clk 0:21:23]} 58.
Ka2 {[%clk 0:23:33]} Bxe4 {[%clk 0:21:26]} 0-1

[Event "U12 Polish Youth Championship"]
[Site "chess24.com"]
[Date "2018.04.30"]
[Round "2"]
[White "Owczarzak, Maciej"]
[Black "Jedraszek, Pawel"]
[Result "1/2-1/2"]
[Board "21"]
[WhiteElo "1402"]
[WhiteCountry "POL"]
[WhiteFideId "21861048"]
[WhiteEloChange "3"]
[BlackElo "1514"]
[BlackCountry "POL"]
[BlackFideId "21833710"]
[BlackEloChange "-3"]

1. e4 {[%clk 1:30:57]} c5 {[%clk 1:30:53]} 2. Nf3 {[%clk 1:31:22]} d6 {[%clk
1:31:15]} 3. d4 {[%clk 1:31:47]} cxd4 {[%clk 1:31:40]} 4. Nxd4 {[%clk 1:32:09]}
Nf6 {[%clk 1:32:05]} 5. f3 {[%clk 1:32:33]} a6 {[%clk 1:32:02]} 6. c4 {[%clk
1:32:48]} e6 {[%clk 1:30:46]} 7. Nc3 {[%clk 1:31:54]} Be7 {[%clk 1:30:10]} 8. Be2
{[%clk 1:31:17]} Nbd7 {[%clk 1:29:28]} 9. Be3 {[%clk 1:29:47]} Qc7 {[%clk
1:27:40]} 10. O-O {[%clk 1:28:05]} O-O {[%clk 1:27:39]} 11. Rc1 {[%clk 1:26:07]}
b6 {[%clk 1:26:58]} 12. Qd2 {[%clk 1:23:52]} Bb7 {[%clk 1:26:12]} 13. Kh1 {[%clk
1:20:13]} Rac8 {[%clk 1:22:23]} 14. Nc2 {[%clk 1:15:09]} Qb8 {[%clk 1:19:44]} 15.
Rfe1 {[%clk 1:10:25]} Rfd8 {[%clk 1:14:41]} 16. Bf1 {[%clk 1:07:36]} Bf8 {[%clk
1:08:43]} 17. Qf2 {[%clk 1:06:23]} Ba8 {[%clk 1:08:24]} 18. Red1 {[%clk 1:00:38]}
Be7 {[%clk 0:58:24]} 19. Rd2 {[%clk 0:49:55]} Nc5 {[%clk 0:51:10]} 20. b4 {[%clk
0:49:07]} Ncd7 {[%clk 0:51:08]} 21. a3 {[%clk 0:47:37]} Rc6 {[%clk 0:42:10]} 22.
Nd4 {[%clk 0:44:39]} Rcc8 {[%clk 0:42:08]} 23. Nb3 {[%clk 0:42:00]} Re8 {[%clk
0:40:31]} 24. Rb2 {[%clk 0:33:37]} Bd8 {[%clk 0:35:04]} 25. c5 {[%clk 0:31:08]}
dxc5 {[%clk 0:33:54]} 26. Bxa6 {[%clk 0:30:37]} Rc6 {[%clk 0:30:21]} 27. Bb5
{[%clk 0:29:25]} cxb4 {[%clk 0:29:06]} 28. Bxc6 {[%clk 0:28:04]} bxa3 {[%clk
0:29:21]} 29. Ra2 {[%clk 0:27:30]} Bxc6 {[%clk 0:29:39]} 30. Rxa3 {[%clk
0:26:43]} Be7 {[%clk 0:28:33]} 31. Ra2 {[%clk 0:26:38]} Bd6 {[%clk 0:27:46]} 32.
Ne2 {[%clk 0:24:53]} Ne5 {[%clk 0:21:32]} 33. Rd1 {[%clk 0:22:16]} Bc7 {[%clk
0:19:36]} 34. Nbd4 {[%clk 0:20:13]} Rd8 {[%clk 0:19:01]} 35. Raa1 {[%clk
0:19:45]} Be8 {[%clk 0:17:26]} 36. Bg5 {[%clk 0:17:29]} Ng6 {[%clk 0:15:36]} 37.
h4 {[%clk 0:10:14]} Be5 {[%clk 0:12:18]} 38. h5 {[%clk 0:09:01]} Nf8 {[%clk
0:12:07]} 39. f4 {[%clk 0:08:22]} Nxe4 {[%clk 0:12:10]} 40. Qe3 {[%clk 0:07:46]}
1/2-1/2

[Event "U12 Polish Youth Championship"]
[Site "chess24.com"]
[Date "2018.04.30"]
[Round "2"]
[White "Nowicki, Filip"]
[Black "Dembicki, Karol"]
[Result "1-0"]
[Board "22"]
[WhiteElo "1511"]
[WhiteCountry "POL"]
[WhiteFideId "21835993"]
[WhiteEloChange "6"]
[BlackElo "1370"]
[BlackCountry "POL"]
[BlackFideId "21809747"]
[BlackEloChange "-6"]

1. e4 {[%clk 1:30:57]} c5 {[%clk 1:30:49]} 2. Nc3 {[%clk 1:31:18]} e6 {[%clk
1:30:58]} 3. Nf3 {[%clk 1:27:41]} d6 {[%clk 1:30:33]} 4. d4 {[%clk 1:27:20]} cxd4
{[%clk 1:30:02]} 5. Nxd4 {[%clk 1:27:39]} Nf6 {[%clk 1:30:17]} 6. Be3 {[%clk
1:24:59]} a6 {[%clk 1:29:45]} 7. Be2 {[%clk 1:23:55]} b5 {[%clk 1:29:26]} 8. a3
{[%clk 1:23:53]} Bb7 {[%clk 1:29:20]} 9. f3 {[%clk 1:18:47]} Nbd7 {[%clk
1:26:54]} 10. O-O {[%clk 1:16:41]} Be7 {[%clk 1:25:03]} 11. Nb3 {[%clk 1:10:36]}
O-O {[%clk 1:21:45]} 12. Qd2 {[%clk 1:03:46]} Qc7 {[%clk 1:16:22]} 13. Rad1
{[%clk 1:00:32]} Rfd8 {[%clk 1:12:05]} 14. Kh1 {[%clk 0:56:35]} d5 {[%clk
1:10:21]} 15. exd5 {[%clk 0:52:03]} exd5 {[%clk 1:06:50]} 16. Nd4 {[%clk
0:49:36]} Bd6 {[%clk 1:02:20]} 17. Nf5 {[%clk 0:41:38]} Bxh2 {[%clk 0:57:34]} 18.
f4 {[%clk 0:40:08]} g6 {[%clk 0:52:42]} 19. Ne7+ {[%clk 0:39:49]} Kf8 {[%clk
0:52:27]} 20. Nexd5 {[%clk 0:39:52]} Nxd5 {[%clk 0:52:45]} 21. Nxd5 {[%clk
0:40:12]} Qc6 {[%clk 0:51:30]} 22. Qb4+ {[%clk 0:32:25]} Kg7 {[%clk 0:50:35]} 23.
Bd4+ {[%clk 0:32:14]} Kh6 {[%clk 0:50:00]} 24. Rf3 {[%clk 0:30:39]} Qe6 {[%clk
0:40:39]} 25. Rh3+ {[%clk 0:30:38]} Qxh3 {[%clk 0:40:59]} 26. gxh3 {[%clk
0:31:00]} Bxd5+ {[%clk 0:39:57]} 27. Kxh2 {[%clk 0:31:23]} Rac8 {[%clk 0:40:07]}
28. Qe7 {[%clk 0:25:59]} f6 {[%clk 0:39:57]} 29. Bxf6 {[%clk 0:24:20]} Nxf6
{[%clk 0:39:56]} 30. Qxf6 {[%clk 0:24:43]} Rxc2 {[%clk 0:34:29]} 1-0

[Event "U12 Polish Youth Championship"]
[Site "chess24.com"]
[Date "2018.04.30"]
[Round "2"]
[White "Wydmanski, Szymon"]
[Black "Taranowicz, Michal"]
[Result "0-1"]
[Board "23"]
[WhiteElo "1361"]
[WhiteCountry "POL"]
[WhiteFideId "21866759"]
[WhiteEloChange "-7"]
[BlackElo "1487"]
[BlackCountry "POL"]
[BlackFideId "21859191"]
[BlackEloChange "7"]

1. e4 {[%clk 1:30:52]} e6 {[%clk 1:30:57]} 2. Qe2 {[%clk 1:31:10]} Be7 {[%clk
1:31:00]} 3. g3 {[%clk 1:30:48]} d5 {[%clk 1:30:31]} 4. exd5 {[%clk 1:29:44]}
exd5 {[%clk 1:30:54]} 5. Bg2 {[%clk 1:29:41]} Nf6 {[%clk 1:31:16]} 6. Nf3 {[%clk
1:28:02]} O-O {[%clk 1:31:38]} 7. O-O {[%clk 1:28:00]} c5 {[%clk 1:30:06]} 8. d3
{[%clk 1:27:02]} Nc6 {[%clk 1:29:49]} 9. c3 {[%clk 1:23:49]} Re8 {[%clk 1:28:54]}
10. Bg5 {[%clk 1:14:23]} Bf5 {[%clk 1:22:58]} 11. Nh4 {[%clk 1:09:29]} Bg4 {[%clk
1:19:33]} 12. Qc2 {[%clk 1:04:22]} h6 {[%clk 1:13:29]} 13. Bxf6 {[%clk 1:01:41]}
Bxf6 {[%clk 1:13:49]} 14. Qb3 {[%clk 0:59:54]} Bxh4 {[%clk 1:11:06]} 15. gxh4
{[%clk 0:55:13]} Qxh4 {[%clk 1:10:00]} 16. Bxd5 {[%clk 0:54:33]} Ne5 {[%clk
1:08:06]} 17. Nd2 {[%clk 0:53:12]} Qg5 {[%clk 1:07:16]} 18. f4 {[%clk 0:51:39]}
Qg6 {[%clk 1:02:51]} 19. Kh1 {[%clk 0:35:44]} Nxd3 {[%clk 0:54:38]} 20. Bg2
{[%clk 0:21:45]} Be2 {[%clk 0:49:38]} 21. Rfb1 {[%clk 0:20:11]} Nxf4 {[%clk
0:42:22]} 22. Qxb7 {[%clk 0:17:45]} Rab8 {[%clk 0:39:56]} 23. Qc6 {[%clk
0:17:58]} Re6 {[%clk 0:40:09]} 0-1